01124nam a2200313Ia 450000500170000000800410001702000180005802000150007604100080009110000310009924500600013025000180019030000570020849000210026550501370028665000350042365000390045865000410049765000380053865000370057694200150061326400320062833600270066033700330068733800280072004000350074808400120078399900150079520220317001741.0170328s2015 c a g 000 f s  a9789584244222 a9584244221 aspa1 aRobles, Juan Manueld1978-10aNuevos juguetes de la Guerra FríacJuan Manuel Robles a1a. edición a446 páginasbilustraciones a blanco y negroc23 cm aBiblioteca breve aMensajes desde el espacio -- El Che mirando la televisión -- La cobra somos todos -- EL poder de Grayskull -- Lápiz tornituerqui142LEMBaNovela peruanaySiglo XX142LEMBaLiteratura peruanaySiglo XX142LEMBaGuerra fría en la literatura142LEMBaSocialismo en la literatura142LEMBaRecuerdos en la literatura 2loccBKLIT aBogotábSeix Barralc2015 atextobtxt2rdacontent asin mediaciónbn2rdamedia avolumenbnc2rdacarrier aCO-BoRNBPbspaerdacCO-BoRNBP aN ROB18 c7969d7969